Statistiques concernant Deuxième prénom Harry Potter

Cliquez ici pour prendre le quiz!

Statistiques générales

  • Ce quiz a été pris 107 fois
  • Le résultat moyen est 11 sur 23

Statistiques - réponses

HintRéponse% Correct
Harry ... PotterJames
99%
Albus ... DumbledorePerceval
87%
Tom ... JedusorElvis
82%
Albus ... DumbledoreBrian
79%
Albus ... PotterSeverus
78%
James ... Potter IISirius
70%
Albus ... DumbledoreWulfric
70%
Hermione ... GrangerJean
69%
Ron ... WeasleyBilius
67%
Lily ... Potter IILuna
66%
Regulus ... BlackArcturus
58%
Bill ... WeasleyArthur
57%
Ginny ... WeasleyMolly
57%
Dolores ... OmbrageJane
45%
Remus ... LupinJohn
30%
Cornelius ... FudgeOswald
16%
Fleur ... DelacourIsabelle
13%
Percy ... WeasleyIgnatius
10%
Sibylle ... TrelawneyPatricia
7%
Scorpius ... MalefoyHyperion
6%
Arabelle ... FiggDorine
4%
Horace ... SlughornEugene
4%
Horace ... SlughornFlaccus
4%

Distribution des résultats

Percentile par nombre de réponses

% des personnes avec chaque résultat

Votre développement - résultats

Vous n’avez pas pris ce quiz